000
00250nam a2200109Ia 4500
008
220204s9999 xx 000 0 und d
082
_a
82-3
_b
MAR
100
_a
Stephen
245
4
_a
The Valkyrie encounter
260
_a
London
_b
Nel
_c
1979
942
_c
BK
999
_c
29376
_d
29376